00278nam a2200109Ia 4500008004100000100001500041245004400056250000800100260003400108300000800142650001800150191201s2004 xx 000 0 und d aPOWAR, K B 0aPrivate Initiatives in Higher Education a1st aN.DelhibSneh Prakashanc2004 a283 aGeneral Books